PSG Quiz #1 ❤️💙 - Statistiques

Statistiques générales
  • Ce quiz a été pris 905 fois
    589 depuis la dernière actualisation
  • Le résultat moyen est 7 sur 10
Statistiques - réponses
Descriptions Réponses % Correct
Qui est le meilleur buteur du club ? Kylian Mbappé
98%
Le PSG gagne sa dernière coupe d'Europe en ... 2025
92%
En quelle année est créée le Paris Saint-Germain ? 1970
88%
Comment s'appelle le stade du PSG Parc des Princes
79%
De quand date la dernière finale de LDC ? 2025
78%
Qui a jouer le plus de match TCC avec le PSG ? Marquinhos
76%
Dans quelle ville se situe le stade ? Paris
75%
Le PSG gagne sa première coupe d'Europe en ... 1996
66%
Combien de Coupe de France possède le PSG ? 16
59%
Qui a sauvé le PSG en 2008 de la relégation en Ligue 2 ? Amara Diané
25%
Aucun quiz correspondant
Distribution des résultats
% des personnes avec chaque résultat
Percentile par nombre de réponses
Votre historique - résultats
Vous n’avez pas pris ce quiz depuis la dernière actualisation